header

A perfect picture of hell (Record no. 44695)

MARC details
000 -LEADER
fixed length control field 01944nam a2200409Ia 4500
245 02 - TITLE STATEMENT
Title A perfect picture of hell
260 ## - PUBLICATION, DISTRIBUTION, ETC. (IMPRINT)
Place of publication Iowa City :
Name of publisher University of Iowa Press,
Year of publication c2001.
300 ## - PHYSICAL DESCRIPTION
Number of Pages xiv, 337 p. :
Other physical details ill., port., plans.
650 #0 - SUBJECT ADDED ENTRY--TOPICAL TERM
Topical Term Prisoners of war
Topical Term Soldiers
Topical Term Military prisons
700 1# - ADDED ENTRY--PERSONAL NAME
Personal name Genoways, Ted.
Personal name Genoways, Hugh H.
856 40 - ELECTRONIC LOCATION AND ACCESS
Uniform Resource Identifier http://site.ebrary.com/lib/rucke/Doc?id=10354448

No items available.

© 2026 Rongo University
Contact us: librarian | system librarian | Rongo university